| 000 | 00573nam a2200145Ia 4500 | ||
|---|---|---|---|
| 008 | 171212s9999 xx 000 0 und d | ||
| 020 | _a9781760460976 | ||
| 100 | _aMoore, Clive | ||
| 245 |
_cMoore, Clive _aMaking Mala _bMalaita in Solomon Islands, 1870s–1930s |
||
| 260 |
_bANU E Press _c2017 |
||
| 440 | _aPacific Series | ||
| 650 | _aHistory | ||
| 650 | _aMalaita Province (Solomon Islands) -- History; Malaita Province (Solomon Islands) -- Social life and customs; Malaita Province (Solomon Islands) -- Civilization | ||
| 856 | _uhttp://jstor.org/stable/j.ctt1rfsrr9 | ||
| 999 |
_c351196 _d351196 |
||